01164nam a2200337 i 4500001000300000100003300003245009200036250001200128260005200140300002100192490002100213500003600234504001400270650004700284651004100331655003000372700003400402830003300436020001500469040000800484041000800492044000800500080003900508920001800547942000700565008004100572999001700613856009800630952004900728952004900777bg1 aKorobowicz, Arturd(1938- ).10aHistoria ustroju i prawa polskiego (1772-1918) /cArtur Korobowicz, Wojciech Witkowski. aWyd. 3. aKraków :bKantor Wydawniczy Zakamycze,c2003. a294 s. ;c24 cm.1 aSeria Akademicka aNa okł. podtyt.: podręcznik. aBibliogr. 9aPrawo sądowexhistoriazPolskay18-20 w. 9aPolskaxustrójxhistoriay18-20 w. aPodręczniki akademickie1 aWitkowski, Wojciechd(1946- ) 0aSeria Akademicka - Zakamycze a8373331468 cBPK apol aPOL a347.97/.99:321](438)"17/19"(075.8) a83-7333-146-8 cKS s pl f |000 0 pol  c55905d55905 uhttp://koha.tu.koszalin.pl/cgi-bin/koha/opac-detail.pl?biblionumber=55905yKatalog online BPK 00104070aBPKbBPKcwo89791p02464541yKS 00104070aBPKbBPKcwo89792p02464534yKS